Unique First Letters Quiz Stats

Quiz Updated Nov 30, 2016

Challenge
Share
Tweet
Embed
Score 0/28 Timer 08:00
10 Plays Today
Category Answer % Correct
US StatesFlorida
74.6%
US StatesHawaii
73.6%
US StatesGeorgia
70.2%
US StatesUtah
67.2%
US Presidents (surname)Obama
64.3%
US StatesDelaware
64.3%
US StatesLouisiana
60.1%
US StatesPennsylvania
59.7%
CountriesQatar
58.4%
CountriesYemen
51.1%
CountriesOman
44.3%
US Presidents (surname)Lincoln
43.9%
US Presidents (surname)Kennedy
40.8%
US Presidents (surname)Nixon
40.4%
Category Answer % Correct
US Presidents (surname)Eisenhower
38.9%
ElementsXenon
35.2%
US StatesRhode Island
33.8%
US Presidents (surname)Van Buren
29.7%
ElementsUranium
16.8%
US CapitalsFrankfort
16.2%
US CapitalsIndianapolis
15.9%
World CapitalsQuito
14.1%
ElementsKrypton
13.1%
World CapitalsZagreb
12.5%
US CapitalsNashville
12.1%
ElementsVanadium
8.1%
World CapitalsUlaanbaatar
6.9%
World CapitalsIslamabad
5.2%

You're not logged in!

Compare scores with friends on all Sporcle quizzes.
Join for Free
OR
Log In

You Might Also Like...

Show Comments

Extras

Top Quizzes Today


Score Distribution

Your Account Isn't Verified!

In order to create a playlist on Sporcle, you need to verify the email address you used during registration. Go to your Sporcle Settings to finish the process.

Report this User

Report this user for behavior that violates our Community Guidelines.

Details: